An Investigation on some physico-chemical properties of DI (2-Ethyl Hexyl) Phosphoric Acid and their correlations with metal ion extraction characteristics / (Record no. 80913)
[ view plain ]
| 000 -LEADER | |
|---|---|
| fixed length control field | 01130nam a22002537a 4500 |
| 001 - CONTROL NUMBER | |
| RUCL Control Number | 80913 |
| 003 - CONTROL NUMBER IDENTIFIER | |
| rucl marc code | BD-RjUL |
| 005 - DATE AND TIME OF LATEST TRANSACTION | |
| control field | 20221206174103.0 |
| 008 - FIXED-LENGTH DATA ELEMENTS--GENERAL INFORMATION | |
| fixed length control field | 221206s1998 bg a|||| m||| 00| 0 eng d |
| 035 ## - SYSTEM CONTROL NUMBER | |
| system control number | (BD-RjUL)80913 |
| 040 ## - CATALOGING SOURCE | |
| Original cataloging agency | BD-RjUL |
| Language of cataloging | eng |
| Transcribing agency | BD-RjUL |
| Modifying agency | BD-RjUL |
| 041 ## - LANGUAGE CODE | |
| Language code of Book | eng |
| 082 ## - DEWEY DECIMAL CLASSIFICATION NUMBER | |
| DDC Edition number | 23 |
| Classification number | 661.25 |
| Author mark and Year | ISI 1998 |
| 100 ## - MAIN ENTRY--PERSONAL NAME | |
| Personal name | Islam, Md. Nazrul |
| 9 (RLIN) | 3421 |
| 245 10 - TITLE STATEMENT | |
| Title | An Investigation on some physico-chemical properties of DI (2-Ethyl Hexyl) Phosphoric Acid and their correlations with metal ion extraction characteristics / |
| Statement of responsibility, etc | Md. Nazrul Islam ; |
| Name of Supervisor/Co-Supervisor | Supervisor : R. K. Biswas, Co-Supervisor : M.R. Zaman, |
| 260 ## - PUBLICATION, DISTRIBUTION, ETC. (IMPRINT) | |
| Place of publication, distribution, etc | Rajshahi : |
| Name of publisher, distributor, etc | Department of Applied Chemistry and Chemical Technology, University of Rajshahi, |
| Date of publication, distribution, etc | 1998 |
| 300 ## - PHYSICAL DESCRIPTION | |
| Pagination | [8], 232 leaves : |
| Other physical details | ill, ; |
| Dimensions | 29.cm. |
| 502 ## - DISSERTATION NOTE | |
| Dissertation note | Thesis (Ph. D.) -- Department of Applied Chemistry and Chemical Technology, University of Rajshahi, 1998 |
| 504 ## - BIBLIOGRAPHY, ETC. NOTE | |
| Bibliography, etc | References ; Leaves 171 -187 |
| 650 ## - SUBJECT ADDED ENTRY--TOPICAL TERM | |
| Topical term or geographic name as entry element | Phosphoric Acid |
| Form subdivision | Technology of industrial chemicals |
| 9 (RLIN) | 6196 |
| 700 ## - ADDED ENTRY--SUPERVISOR/CO-SUPERVISOR NAME | |
| Personal name | Biswas, R. K. Supervisor |
| 9 (RLIN) | 6197 |
| Personal name | Zaman, M.R. Co-Supervisor : |
| 9 (RLIN) | 6198 |
| 942 ## - ADDED ENTRY ELEMENTS (KOHA) | |
| Source of classification or shelving scheme | Dewey Decimal Classification |
| Koha item type | Theses |
| Source of classification or shelving scheme | Damaged status | Not for loan | Collection code | Permanent Location | Current Location | Shelving location | Date of accession | Source of acquisition | Total Checkouts | Full call number | Barcode | Date last seen | Copy number | Thesis |
|---|---|---|---|---|---|---|---|---|---|---|---|---|---|---|
| Dewey Decimal Classification | Not For Loan | Theses | Central Library, University of Rajshahi | Central Library, University of Rajshahi | Documentation Section | 07/01/1999 | Controller of Exam. R.U. | THE 661.25 ISI 1998 | D1920 | 06/12/2022 | C-1 | Theses |